Top 10 animals by number of people killed per year. - Statistics

General Stats
  • This quiz has been taken 54 times
  • The average score is 4 of 10
Answer Stats
Deaths Caused Per Year Animal % Correct
1'000'000 Mosquitos
86%
59'000 Dogs
72%
138'000 Snakes
65%
600 Elephants
44%
1000 Crocodiles
40%
12'000 Tsetse Fly
30%
431'000 Humans
28%
3'300 Scorpions
28%
10'000 Assassin Bugs
16%
200'000 Freshwater Snails
12%
No matching quizzes found
Score Distribution
Percent of People with Each Score
Percentile by Number Answered
Your Score History
You have not taken this quiz